| 000 | 01129nam a22002177a 4500 | ||
|---|---|---|---|
| 005 | 20250916100021.0 | ||
| 008 | 241016b |||||||| |||| 00| 0 eng d | ||
| 020 | _a9780443139680 | ||
| 082 | _aDC 620.0042 G431 2024 | ||
| 100 |
_aGindis, Elliot J. _963016 |
||
| 245 |
_aUp and running with autoCAD 2024 : _b2d and 3d drawing, design and modeling / _cElliot J. Gindis and Robert C. Kaebisch. |
||
| 260 |
_aLondon : _bAcademic Press, _c©2024. |
||
| 300 |
_axix, 839 pages : _billustrations ; _c28 cm. |
||
| 500 | _aIncludes appendices and index. | ||
| 520 | _aUp and Running with AutoCAD® 2024 presents a combination of step-by-step instructions, examples and insightful explanations. The book emphasizes core concepts and practical application of AutoCAD in engineering, architecture and design. Written with the user in mind, this book is equally useful in instructor-led classroom training, self-study or as a professional reference. | ||
| 650 | 0 |
_aAutoCAD. _963651 |
|
| 650 | 0 |
_aComputer graphics. _963652 |
|
| 650 | 0 |
_aComputer-aided design. _963653 |
|
| 700 |
_aKaebisch, Robert C. _963017 _eauthor. |
||
| 942 |
_2ddc _cDC |
||
| 999 |
_c22597 _d22597 |
||